| 000 | 00689nam a2200205Ii 4500 | ||
|---|---|---|---|
| 003 | JO-AjNU | ||
| 008 | 230605s9999||||xx |||||||||||||| ||und|| | ||
| 017 | _a1975/5631 | ||
| 040 |
_aJO-AjNU _bara _erda _cJO-AjNU |
||
| 041 | _aara | ||
| 050 | 1 | 4 | _aHD1415.A2696.1975 |
| 100 | 3 |
_aابو الوفا، عصام/علي يوسف خليفة, _eauthor _936977 |
|
| 245 | 0 | 0 | _aمقدمة في الاقتصاد الزراعي |
| 264 | 3 | 1 | _aالاسكندرية:دار المطبوعات الجديدة،1975 |
| 300 | _a380ص | ||
| 336 |
_atext _btxt _2rdacontent |
||
| 337 |
_aunmediated _bn _2rdamedia |
||
| 338 |
_avolume _bnc _2rdacarrier |
||
| 650 | 4 |
_aالاقتصاد الزراعي _936978 |
|
| 999 |
_aA15410 _c18978 _d18978 |
||